Presencias de Don Quijote en las artes de Mexico /

Bibliographic Details
Main Author: Rojas Garcidueñas, José, 1912-1981
Format: Book
Language:Spanish
Published: Mexico : Universidad Nacional Autonoma de Mexico, 1968.
Edition:[2. ed.].
Series:Estudios y fuentes del arte en México ; 26.
Subjects:

MARC

Tag First Indicator Second Indicator Subfields
LEADER 00000cam a2200000 4500
001 in00000172004
005 20151008090810.0
008 740906s1968 mx ah b 00010 spa
010 |a  73390012  
035 |a (OCoLC)00999535 
035 |9 AAU1937AM 
040 |c ODC  |d TXA  |d UtOrBLW 
049 |a TXAM  |c [534438] 
050 0 |a PQ6353  |b .R576 1968 
100 1 |a Rojas Garcidueñas, José,  |d 1912-1981. 
245 1 0 |a Presencias de Don Quijote en las artes de Mexico /  |c [por] Jose Rojas Garciduenas. 
250 |a [2. ed.]. 
264 1 |a Mexico :  |b Universidad Nacional Autonoma de Mexico,  |c 1968. 
300 |a 188 pages :  |b illustrations, facsimiles ;  |c 24 cm. 
336 |a text  |b txt  |2 rdacontent 
337 |a unmediated  |b n  |2 rdamedia 
338 |a volume  |b nc  |2 rdacarrier 
490 1 |a Estudios y fuentes del arte en Mexico, 26 
600 1 0 |a Cervantes Saavedra, Miguel de,  |d 1547-1616  |x Illustrations. 
650 0 |a Art, Mexican. 
830 0 |a Estudios y fuentes del arte en México ;  |v 26. 
999 |a MARS 
999 f f |s ba2ac12a-b2bc-3407-bb02-16c9603e0550  |i 772555f2-a542-35cc-9b73-4d3c1ac3cb1c  |t 0 
952 f f |p ric  |a Texas A&M University  |b Rellis Campus  |c Joint Library Facility  |d Remote Storage  |t 0  |e PQ6353 .R576 1968  |h Library of Congress classification  |i unmediated -- volume  |m A14803807084 
998 f f |a PQ6353 .R576 1968  |t 0  |l Remote Storage